Системы внутренних органов и их особенности у детей учебное пособие
В пособии представлены материалы по анатомии пищеварительной, дыхательной и мочеполовой систем с возрастными особенностями у детей. Представлена топография анатомических образований, их функциональные особенности. Издание составлено в соответствии с программой дисциплины «Анатомия» и предназначено д...
Uloženo v:
| Hlavní autor: | |
|---|---|
| Další autoři: | |
| Médium: | Книга |
| Jazyk: | Russian |
| Vydáno: |
Саранск
МГУ им. Н.П. Огарева
2024
|
| On-line přístup: | https://e.lanbook.com/book/478706 https://e.lanbook.com/img/cover/book/478706.jpg |
| Tagy: |
Přidat tag
Žádné tagy, Buďte první, kdo otaguje tento záznam!
|
| LEADER | 01888nam0a2200289 i 4500 | ||
|---|---|---|---|
| 001 | 478706 | ||
| 003 | RuSpLAN | ||
| 005 | 20250415114953.0 | ||
| 008 | 250415s2024 ru gs 000 0 rus | ||
| 020 | |a 978-5-7103-4742-3 | ||
| 040 | |a RuSpLAN | ||
| 041 | 0 | |a rus | |
| 044 | |a ru | ||
| 080 | |a 611.1/.8–053.2(075.8) | ||
| 084 | |a Р733.41 |2 rubbk | ||
| 245 | 0 | 0 | |a Системы внутренних органов и их особенности у детей |b учебное пособие |c Герасимова Н. Г.,Лошкарев И. А. |
| 260 | |a Саранск |b МГУ им. Н.П. Огарева |c 2024 | ||
| 300 | |a 108 с. | ||
| 504 | |a Библиогр.: доступна в карточке книги, на сайте ЭБС Лань | ||
| 520 | 8 | |a В пособии представлены материалы по анатомии пищеварительной, дыхательной и мочеполовой систем с возрастными особенностями у детей. Представлена топография анатомических образований, их функциональные особенности. Издание составлено в соответствии с программой дисциплины «Анатомия» и предназначено для самостоятельной подготовки студентов, обучающихся по специальностям «Лечебное дело», «Педиатрия». | |
| 521 | 8 | |a Книга из коллекции МГУ им. Н.П. Огарева - Медицина | |
| 521 | 8 | |a СЭБ | |
| 100 | 1 | |a Герасимова Н. Г. | |
| 700 | 1 | |a Лошкарев И. А. | |
| 856 | 4 | |u https://e.lanbook.com/book/478706 | |
| 856 | 4 | 8 | |u https://e.lanbook.com/img/cover/book/478706.jpg |
| 953 | |a https://e.lanbook.com/img/cover/book/478706.jpg | ||